Oporto Subway - Statistics

General Stats
  • This quiz has been taken 37 times
  • The average score is 26 of 80
Answer Stats
Hint Answer % Correct
A B C E F Campanhã
85%
A B C D E F Trindade
85%
A B C E F Casa da Música
81%
A B E F Estádio do Dragão
81%
D Hospital São João
81%
D São Bento
81%
A B C E F Senhora da Hora
77%
A B C E F Bolhão
65%
B Vila do Conde
65%
D Aliados
62%
F Fânzeres
62%
D Marquês
62%
E Aeroporto
58%
A B C E F Carolina Michaelis
58%
A B C E F Heroísmo
58%
B Póvoa do Varzim
54%
A B C E F Ramalde
54%
C ISMAI
50%
A Matosinhos Sul
50%
D Pólo Universitário
50%
D Santo Ovídio
50%
A Senhor de Matosinhos
50%
A B C E F Francos
46%
A B C E F Lapa
46%
F Rio Tinto
46%
D Combatentes
42%
A B C E F Viso
42%
D Jardim do Morro
38%
D Salgueiros
38%
A B C E F Sete Bicas
38%
D Câmara Gaia
35%
A B C E F Campo 24 Agosto
35%
D D. João II
35%
D Faria Guimarães
35%
D IPO
35%
A Mercado
35%
A Câmara Matosinhos
31%
B C E Fonte do Cuco
31%
F Campainha
27%
F Contumil
27%
D General Torres
27%
D João de Deus
27%
B Árvore
23%
C Fórum Maia
23%
A Pedro Hispano
23%
B Azurara
19%
A Brito Capelo
19%
B E Custóias
19%
B Modivas Centro
19%
B Modivas Sul
19%
F Nasoni
19%
F Nau Vitória
19%
A Vasco da Gama
19%
F Levada
15%
C Parque Maia
15%
A Parque Real
15%
B Portas Fronhas
15%
B E Verdes
15%
C Araújo
12%
F Baguim
12%
F Carreira
12%
B E Crestins
12%
B E Esposade
12%
B Mindelo
12%
B Pedras Rubras
12%
B Santa Clara
12%
F Venda Nova
12%
B Vilar do Pinheiro
12%
C Zona Industrial
12%
B Alto de Pega
8%
C Cândido Reis
8%
C Castêlo da Maia
8%
C Custió
8%
B Espaço Natureza
8%
B Lidador
8%
C Mandim
8%
C Pias
8%
B São Brás
8%
B Varziela
8%
E Boticas
4%
No matching quizzes found
Score Distribution
Percent of People with Each Score
Percentile by Number Answered
Your Score History
You have not taken this quiz